000
00359nam a2200145Ia 4500
001
3918
008
241024s9999 xx 000 0 und d
020
_a
978-9945-465-29-7
082
_a
RD/863.97293/J61b
100
_a
Josefina Jiménez
245
0
_a
Buscaré la Primavera
260
_b
Ediciones CP
_c
2013
901
_a
29/1/2015 11:56:51 a.m.
999
_c
7770
_d
7770